| 000 | 00590nam a22001937a 4500 | ||
|---|---|---|---|
| 999 |
_c3173 _d3173 |
||
| 003 | AR-CdUCM | ||
| 008 | 190306b ||||| |||| 00| 0 spa d | ||
| 040 |
_aMUNICIPALIDAD PROVINCIAL DEL CUSCO _cBIBLIOTECA MUNICIPAL DEL CUSCO |
||
| 082 |
_a869.508 / _bL795 |
||
| 100 |
_aLoayza, Luis _93541 |
||
| 245 | _aUna piel de serpiente / | ||
| 260 |
_aLima : _bPopulibros Peruanos, _c1997. |
||
| 300 |
_a120 paginas ; _c16 cm. |
||
| 505 | _aContenido :Cuentos peruanos del siglo XX / | ||
| 650 |
_aCUENTOS PERUANOS _910675 |
||
| 650 |
_a SIGLO XX _910676 |
||
| 942 |
_2ddc _cLIBROS |
||
| 945 | _arjall | ||